[Event "SV Erkenschwick 1 - SG Niederkassel 1"]
[Site "NRW-Klasse, Gruppe 2 2016/201"]
[Date "2017.03.05"]
[Round "7.6"]
[White "Krings, Christoph"]
[Black "Riedel, Holger"]
[Result "1-0"]
[WhiteElo "2178"]
[BlackElo "2095"]
[PlyCount "77"]
[EventDate "2017.??.??"]
[WhiteTeam "SV Erkenschwick 1"]
[BlackTeam "SG Niederkassel 1"]

1. d4 e6 2. Nf3 c5 3. c4 cxd4 4. Nxd4 Nf6 5. g3 Qc7 6. Qa4 Bc5 7. e3 O-O 8. Bg2
d5 9. Nb5 Qe7 10. O-O Nc6 11. cxd5 exd5 12. N1c3 a6 13. Nd4 Ne5 14. Nxd5 Nxd5
15. Bxd5 Bh3 16. Bg2 Bxg2 17. Kxg2 b5 18. Qd1 Rfd8 19. b3 Qb7+ 20. f3 g5 21. h3
h5 22. g4 hxg4 23. hxg4 Nxg4 24. Rh1 Rac8 25. Qd3 Bxd4 26. Qh7+ Kf8 27. exd4
Qd5 28. Ba3+ Ke8 29. Rhe1+ Kd7 30. Re7+ Kc6 31. Rc1+ Kb6 32. Bc5+ Ka5 33. b4+
Ka4 34. Qc2+ Ka3 35. Rd1 Rxc5 36. bxc5 Kb4 37. Rd3 Rh8 38. Qc3+ Ka4 39. Qa3#
1-0

[Event "SV Erkenschwick 1 - SG Niederkassel 1"]
[Site "NRW-Klasse, Gruppe 2 2016/201"]
[Date "2017.03.05"]
[Round "7.7"]
[White "Freundlieb, Thomas"]
[Black "Eggenstein, Frank"]
[Result "1/2-1/2"]
[WhiteElo "1951"]
[BlackElo "1984"]
[PlyCount "37"]
[EventDate "2017.??.??"]
[WhiteTeam "SG Niederkassel 1"]
[BlackTeam "SV Erkenschwick 1"]

1. d3 d5 2. c3 Nf6 3. Nf3 e6 4. Nbd2 Be7 5. e4 O-O 6. Be2 b6 7. O-O c5 8. Qc2
Nc6 9. a3 a5 10. a4 Ba6 11. Re1 Rc8 12. Nf1 Qc7 13. Ng3 Rfe8 14. Bf1 Rcd8 15.
Bg5 h6 16. Bd2 Rc8 17. Qc1 Bf8 18. Bf4 Qb7 19. Qb1 1/2-1/2

[Event "SV Erkenschwick 1 - SG Niederkassel 1"]
[Site "NRW-Klasse, Gruppe 2 2016/201"]
[Date "2017.03.05"]
[Round "7.8"]
[White "Strozewski, Frank"]
[Black "Groß, Werner"]
[Result "1/2-1/2"]
[WhiteElo "1935"]
[BlackElo "2078"]
[PlyCount "110"]
[EventDate "2017.??.??"]
[WhiteTeam "SV Erkenschwick 1"]
[BlackTeam "SG Niederkassel 1"]

1. c4 c5 2. Nc3 Nc6 3. g3 g6 4. Bg2 Bg7 5. d3 d6 6. e4 h5 7. h3 Bd7 8. Nge2 h4
9. g4 Qc8 10. Be3 Nd4 11. Nd5 e6 12. Ndf4 Rb8 13. Nxd4 cxd4 14. Bd2 Ne7 15. O-O
b5 16. b3 Qa6 17. Ne2 e5 18. f4 f5 19. fxe5 dxe5 20. exf5 gxf5 21. gxf5 Bxf5
22. Bb4 Qg6 23. Rf3 e4 24. Nf4 Qg5 25. Bxe7 Qxe7 26. Nd5 Qe5 27. Rf1 e3 28. Qe2
O-O 29. Rf4 Bg6 30. Raf1 Rxf4 31. Nxf4 Bf7 32. Qg4 bxc4 33. bxc4 Rb6 34. Be4
Rf6 35. Qxh4 Bh6 36. Qg4+ Kf8 37. Qc8+ Kg7 38. Qg4+ Kf8 39. Ne2 Be6 40. Rxf6+
Qxf6 41. Qf3 Qxf3 42. Bxf3 Bg7 43. Bg4 Bf7 44. Kf1 Ke7 45. Nf4 Kd6 46. Ke1 Ke5
47. Ng2 Bf6 48. Ke2 Bg5 49. Ne1 Bf6 50. a3 Be8 51. Nf3+ Kf4 52. Ne1 Bc6 53. Bf3
Bd7 54. Bg4 Bxg4+ 55. hxg4 Kxg4 1/2-1/2

[Event "SG Bochum 2 - SK Münster 2"]
[Site "NRW-Klasse, Gruppe 2 2016/201"]
[Date "2017.03.05"]
[Round "7.1"]
[White "Emunds, Hans Georg"]
[Black "Tkachuk, Konstantyn"]
[Result "0-1"]
[WhiteElo "2119"]
[BlackElo "2229"]
[PlyCount "80"]
[EventDate "2017.??.??"]
[WhiteTeam "SK Münster 2"]
[BlackTeam "SG Bochum 2"]

1. e4 c5 2. b3 e6 3. Bb2 d5 4. exd5 exd5 5. d4 Nf6 6. Nf3 Nc6 7. Be2 Be7 8. O-O
O-O 9. dxc5 Bxc5 10. Nd4 Ne4 11. Nxc6 bxc6 12. Nc3 Qh4 13. Nxe4 dxe4 14. Qe1
Rd8 15. Rd1 Rxd1 16. Bxd1 Qe7 17. Qc3 f5 18. Be2 Be6 19. Bc4 Bd5 20. Rd1 Rd8
21. Bxd5+ cxd5 22. Qe5 Qxe5 23. Bxe5 Kf7 24. Kf1 g6 25. Bd4 Rc8 26. Bxc5 Rxc5
27. Rd2 Ke6 28. Ke2 Ke5 29. Kd1 g5 30. Re2 g4 31. Kd2 Rc6 32. Re1 d4 33. Rh1 f4
34. Rc1 e3+ 35. Ke2 f3+ 36. gxf3 gxf3+ 37. Kxf3 Rf6+ 38. Kg3 Rxf2 39. a4 Ke4
40. b4 Rf6 0-1

[Event "SG Bochum 2 - SK Münster 2"]
[Site "NRW-Klasse, Gruppe 2 2016/201"]
[Date "2017.03.05"]
[Round "7.2"]
[White "Koellner, Ruben Gideon"]
[Black "Wieder, Heiner"]
[Result "1-0"]
[WhiteElo "2064"]
[BlackElo "2105"]
[PlyCount "101"]
[EventDate "2017.??.??"]
[WhiteTeam "SG Bochum 2"]
[BlackTeam "SK Münster 2"]

1. d4 f5 2. Bg5 g6 3. Nc3 Bg7 4. e3 Nf6 5. h4 O-O 6. Bc4+ Kh8 7. Qf3 c6 8. Nge2
d5 9. Bd3 Ne4 10. Nf4 Qe8 11. Ncxd5 cxd5 12. Nxd5 Nc6 13. Nc7 Qd8 14. Nxa8 Be6
15. Bxe4 fxe4 16. Qxe4 Bf5 17. Qf4 Qa5+ 18. c3 Rxa8 19. O-O e5 20. Qg3 h6 21.
e4 Bxe4 22. Qe3 Bxg2 23. Kxg2 Qd5+ 24. Qf3 e4 25. Qe3 hxg5 26. hxg5 Rf8 27.
Rh1+ Kg8 28. Rh3 Rf5 29. Rg3 Bf8 30. Rg4 Be7 31. Qxe4 Qxe4+ 32. Rxe4 Rxg5+ 33.
Kf3 Bd6 34. Rae1 Rf5+ 35. Ke3 Kf7 36. Rh1 Ne7 37. Rh7+ Kf6 38. c4 Ra5 39. a3
Nf5+ 40. Kd3 b6 41. Rd7 Bh2 42. d5 Kg5 43. Rd8 Ra4 44. f3 Nd6 45. Rg4+ Kf6 46.
Rg8 Be5 47. R8xg6+ Kf7 48. Re6 Bxb2 49. Rxd6 Rxa3+ 50. Ke4 Rb3 51. Rd7+ 1-0

[Event "SG Bochum 2 - SK Münster 2"]
[Site "NRW-Klasse, Gruppe 2 2016/201"]
[Date "2017.03.05"]
[Round "7.3"]
[White "Virnyi, Julius"]
[Black "Stricker, Florian"]
[Result "0-1"]
[WhiteElo "2060"]
[BlackElo "2005"]
[PlyCount "106"]
[EventDate "2017.??.??"]
[WhiteTeam "SK Münster 2"]
[BlackTeam "SG Bochum 2"]

1. d4 Nf6 2. c4 e6 3. Nc3 Bb4 4. e3 c5 5. Nge2 b6 6. a3 Ba5 7. Rb1 Qe7 8. Bd2
Bb7 9. b4 cxb4 10. Nb5 Na6 11. Nc7+ Nxc7 12. axb4 Bxb4 13. Bxb4 d6 14. Qa4+ Qd7
15. Qa3 Ne4 16. f3 a5 17. Bc3 Nxc3 18. Nxc3 Na6 19. Rxb6 Nb4 20. Kf2 Qc7 21.
Rb5 f5 22. c5 Bc6 23. cxd6 Qxd6 24. Rc5 O-O 25. g3 f4 26. gxf4 Nc2 27. Qc1 Nb4
28. Rg1 Ra7 29. Ne4 Bxe4 30. fxe4 Raf7 31. Rg4 h6 32. h4 Qd7 33. Be2 e5 34. Qc4
exf4 35. exf4 Kh8 36. Kg3 Qa4 37. Rc8 Qa3+ 38. Qc3 Qa2 39. Rxf8+ Rxf8 40. Bf3
Qb1 41. d5 Rg8 42. f5 Nd3 43. Kh2 Qb8+ 44. Kg2 Ne5 45. Rg3 Rc8 46. Qxa5 Rc2+
47. Kh3 Nxf3 48. d6 Qxd6 49. Qa8+ Kh7 50. Qd5 Rh2+ 51. Kg4 Ne5+ 52. Kh5 Qf6 53.
Rh3 g6+ 0-1

[Event "SG Bochum 2 - SK Münster 2"]
[Site "NRW-Klasse, Gruppe 2 2016/201"]
[Date "2017.03.05"]
[Round "7.4"]
[White "Tkachuk, Sergij"]
[Black "Neuer, Thomas"]
[Result "1/2-1/2"]
[WhiteElo "2120"]
[BlackElo "2081"]
[Annotator "Daniel"]
[PlyCount "65"]
[EventDate "2017.??.??"]
[WhiteTeam "SG Bochum 2"]
[BlackTeam "SK Münster 2"]

1. e4 e6 2. d4 d5 3. exd5 exd5 4. Nf3 c5 5. dxc5 Bxc5 6. Bd3 Nf6 7. O-O O-O 8.
Nc3 Nc6 9. a3 h6 10. b4 Bb6 11. h3 Re8 12. Re1 Be6 13. Na4 Bc7 14. Nc5 Bc8 15.
Bb2 Nd7 16. Nxd7 Bxd7 17. Qd2 Bb6 18. Rxe8+ Qxe8 19. Qf4 Qb8 20. Ne5 Be6 $11
21. Re1 Bc7 22. Nxc6 Bxf4 23. Nxb8 Bxb8 24. Bd4 Bd6 25. Be5 Bf8 26. f4 a5 27.
f5 Bd7 28. c3 axb4 29. axb4 Ra3 30. Rd1 Ba4 $11 31. Rd2 Be7 32. Be2 Bb3 33. Bf3
1/2-1/2

[Event "SG Bochum 2 - SK Münster 2"]
[Site "NRW-Klasse, Gruppe 2 2016/201"]
[Date "2017.03.05"]
[Round "7.6"]
[White "Haase, Thomas"]
[Black "Quante, Lennart"]
[Result "1/2-1/2"]
[WhiteElo "2014"]
[BlackElo "1956"]
[PlyCount "41"]
[EventDate "2017.??.??"]
[WhiteTeam "SG Bochum 2"]
[BlackTeam "SK Münster 2"]

1. d4 Nf6 2. Nf3 g6 3. g3 Bg7 4. Bg2 d5 5. O-O O-O 6. b3 c5 7. Bb2 cxd4 8. Nxd4
Re8 9. e3 e5 10. Ne2 Nc6 11. Nd2 Be6 12. c4 Qb6 13. cxd5 Bxd5 14. Bxd5 Nxd5 15.
Nc4 Qd8 16. a3 b5 17. Nd2 Qb6 18. Nc3 Red8 19. Qe2 Nxc3 20. Bxc3 Rac8 21. Rac1
1/2-1/2

[Event "SG Bochum 2 - SK Münster 2"]
[Site "NRW-Klasse, Gruppe 2 2016/201"]
[Date "2017.03.05"]
[Round "7.7"]
[White "Austrup, David"]
[Black "Kitte, Sebastian"]
[Result "0-1"]
[WhiteElo "1897"]
[BlackElo "2170"]
[PlyCount "48"]
[EventDate "2017.??.??"]
[WhiteTeam "SK Münster 2"]
[BlackTeam "SG Bochum 2"]

1. e4 c5 2. d4 cxd4 3. c3 d3 4. Bxd3 Nc6 5. c4 e6 6. Nc3 Nf6 7. Nf3 Qc7 8. O-O
a6 9. h3 d6 10. Be3 b6 11. Rc1 Ne5 12. Nxe5 dxe5 13. Na4 Nd7 14. c5 bxc5 15.
Qc2 Be7 16. Nxc5 O-O 17. Nxd7 Qxc2 18. Rxc2 Bxd7 19. Rc7 Rfd8 20. Rfc1 a5 21.
Rb7 Bd6 22. Bb6 Rdb8 23. Rxb8+ Rxb8 24. Bc7 Rc8 0-1

[Event "SG Bochum 2 - SK Münster 2"]
[Site "NRW-Klasse, Gruppe 2 2016/201"]
[Date "2017.03.05"]
[Round "7.8"]
[White "Butschek, Marc"]
[Black "Kaufhold, Thomas"]
[Result "0-1"]
[WhiteElo "1961"]
[BlackElo "1992"]
[PlyCount "54"]
[EventDate "2017.??.??"]
[WhiteTeam "SG Bochum 2"]
[BlackTeam "SK Münster 2"]

1. e4 e6 2. d4 d5 3. exd5 exd5 4. Nf3 Nf6 5. c4 Bd6 6. Bd3 O-O 7. O-O Nc6 8.
Nc3 Nb4 9. Bg5 Nxd3 10. Qxd3 dxc4 11. Qxc4 Be7 12. Rfe1 c6 13. Ne5 Be6 14. Qd3
Nd5 15. Bxe7 Nxe7 16. f4 Qb6 17. Nd7 Bxd7 18. Rxe7 Rad8 19. f5 c5 20. Rf1 cxd4
21. Ne4 Bb5 22. Qg3 Qh6 23. Rf4 d3 24. Rh4 Qb6+ 25. Kh1 d2 26. Nxd2 Rxd2 27.
Re1 Qf2 0-1

[Event "SV Kamen 1 - SV Letmathe 1"]
[Site "NRW-Klasse, Gruppe 2 2016/201"]
[Date "2017.03.05"]
[Round "7.1"]
[White "Kolosowski, Mateusz"]
[Black "Weidemann, Christian"]
[Result "1/2-1/2"]
[WhiteElo "2433"]
[BlackElo "2321"]
[PlyCount "69"]
[EventDate "2017.??.??"]
[WhiteTeam "SV Letmathe 1"]
[BlackTeam "SV Kamen 1"]

1. e4 e5 2. Nf3 Nc6 3. Bb5 a6 4. Ba4 Nf6 5. O-O Nxe4 6. d4 exd4 7. Re1 d5 8.
Nxd4 Bd6 9. Nxc6 Bxh2+ 10. Kh1 Qh4 11. Rxe4+ dxe4 12. Qd8+ Qxd8 13. Nxd8+ Kxd8
14. Kxh2 Be6 15. Be3 f5 16. Nd2 b5 17. Bb3 Ke7 18. f3 exf3 19. Nxf3 Rhe8 20.
Bc5+ Kf6 21. Bd4+ Kg6 22. Rf1 Bxb3 23. cxb3 Re4 24. Rc1 Rae8 25. Rxc7 R8e7 26.
Rc5 h6 27. a4 b4 28. a5 f4 29. Rd5 Kh7 30. Kh3 R7e6 31. Ne5 Rxd4 32. Rxd4 Rxe5
33. Rxb4 Rxa5 34. Rxf4 Rb5 35. b4 1/2-1/2

[Event "SV Kamen 1 - SV Letmathe 1"]
[Site "NRW-Klasse, Gruppe 2 2016/201"]
[Date "2017.03.05"]
[Round "7.2"]
[White "Himmel, Hansjoerg"]
[Black "Podzielny, Karl-Heinz"]
[Result "0-1"]
[WhiteElo "2196"]
[BlackElo "2341"]
[PlyCount "74"]
[EventDate "2017.??.??"]
[WhiteTeam "SV Kamen 1"]
[BlackTeam "SV Letmathe 1"]

1. e4 c5 2. Nf3 e6 3. d4 cxd4 4. Nxd4 a6 5. c4 Nf6 6. Nc3 Qc7 7. a3 g6 8. Be3
Bg7 9. Rc1 O-O 10. Be2 d6 11. O-O Nbd7 12. Qd2 Nc5 13. Qc2 b6 14. b4 Ncd7 15.
f3 Bb7 16. Rfd1 Ne5 17. Qd2 Rac8 18. Na4 Ned7 19. Nb3 Ne8 20. c5 bxc5 21. bxc5
d5 22. Nb6 Rd8 23. exd5 Nxb6 24. cxb6 Qb8 25. Qb4 Bxd5 26. Bxa6 Be5 27. f4 Bd6
28. Qc3 Ng7 29. g3 Nf5 30. Bc5 Bxc5+ 31. Nxc5 Qxb6 32. Qb4 Qa7 33. a4 Rb8 34.
Bb5 Rfc8 35. Rc3 Nd6 36. Rdc1 Ne4 37. R3c2 Rxc5 0-1

[Event "SV Kamen 1 - SV Letmathe 1"]
[Site "NRW-Klasse, Gruppe 2 2016/201"]
[Date "2017.03.05"]
[Round "7.3"]
[White "Adamski, Jan"]
[Black "Luetke, Jens"]
[Result "1-0"]
[WhiteElo "2246"]
[BlackElo "2174"]
[PlyCount "97"]
[EventDate "2017.??.??"]
[WhiteTeam "SV Letmathe 1"]
[BlackTeam "SV Kamen 1"]

1. Nf3 c5 2. c4 Nc6 3. Nc3 e6 4. g3 Nf6 5. Bg2 d5 6. cxd5 exd5 7. d4 c4 8. O-O
Bb4 9. Bg5 Bxc3 10. bxc3 h6 11. Bxf6 Qxf6 12. Nd2 Qd6 13. e4 O-O 14. exd5 Na5
15. Qa4 Qa6 16. Rfe1 b5 17. Qb4 Rb8 18. a4 Bf5 19. Be4 Bxe4 20. Nxe4 Nb3 21.
axb5 Qb7 22. Nc5 Qxd5 23. Re5 Qd6 24. Ra6 Rb6 25. Qxc4 Nxc5 26. Rxc5 Qg6 27.
Rxb6 axb6 28. Re5 Qc2 29. Qc6 g6 30. Re8 Rxe8 31. Qxe8+ Kg7 32. Qc6 h5 33. h4
g5 34. hxg5 h4 35. Kg2 hxg3 36. Kxg3 Qc1 37. Qf6+ Kg8 38. Qd8+ Kh7 39. Qf6 Qg1+
40. Kh3 Qh1+ 41. Kg3 Qg1+ 42. Kf3 Qd1+ 43. Kf4 Qd2+ 44. Ke5 Qa2 45. f4 Qc4 46.
f5 Qc7+ 47. Kd5 Kg8 48. g6 fxg6 49. Qe6+ 1-0

[Event "SV Kamen 1 - SV Letmathe 1"]
[Site "NRW-Klasse, Gruppe 2 2016/201"]
[Date "2017.03.05"]
[Round "7.4"]
[White "Georg, Heinz"]
[Black "Soukup, Jiri"]
[Result "0-1"]
[WhiteElo "2124"]
[BlackElo "2320"]
[PlyCount "92"]
[EventDate "2017.??.??"]
[WhiteTeam "SV Kamen 1"]
[BlackTeam "SV Letmathe 1"]

1. f4 d5 2. Nf3 c5 3. g3 Nc6 4. Bg2 g6 5. O-O Bg7 6. d3 Nf6 7. Qe1 O-O 8. c3 d4
9. Na3 Rb8 10. Nh4 dxc3 11. bxc3 Nd5 12. Bd2 b5 13. e4 Nc7 14. e5 Bb7 15. Qe3
b4 16. cxb4 Nxb4 17. Qxc5 Nxd3 18. Qe3 Bxg2 19. Nxg2 Ne6 20. Rfd1 Nb2 21. Rdb1
Qd5 22. Bc3 Nd3 23. Rd1 Rfd8 24. Ne1 Nec5 25. Rd2 Qe4 26. Rxd3 Rxd3 27. Qxc5
Rd5 28. Qf2 Rc8 29. Bb2 e6 30. Nec2 Bf8 31. Re1 Qa4 32. Kh1 Rcd8 33. Re2 Bc5
34. Qf3 Rb8 35. Re4 Qc6 36. Nc4 Rd1+ 37. Kg2 Rxb2 38. Nxb2 Rd2+ 39. Kh3 Rxc2
40. Nd3 Bg1 41. g4 Rxh2+ 42. Kg3 h5 43. gxh5 gxh5 44. f5 Qc2 45. Rh4 Qd2 46.
Qe4 Qg5+ 0-1

[Event "SV Kamen 1 - SV Letmathe 1"]
[Site "NRW-Klasse, Gruppe 2 2016/201"]
[Date "2017.03.05"]
[Round "7.5"]
[White "Gruermann, Martin"]
[Black "Kleinegger, Frank"]
[Result "1-0"]
[WhiteElo "2169"]
[BlackElo "2116"]
[PlyCount "87"]
[EventDate "2017.??.??"]
[WhiteTeam "SV Letmathe 1"]
[BlackTeam "SV Kamen 1"]

1. e4 e5 2. Nf3 Nf6 3. Nxe5 d6 4. Nf3 Nxe4 5. Nc3 Nxc3 6. dxc3 Be7 7. Bf4 O-O
8. Qd2 Nc6 9. O-O-O Bg4 10. Be2 Re8 11. h3 Be6 12. Kb1 Qd7 13. Rhe1 a6 14. g4
b5 15. Nd4 Nxd4 16. cxd4 Bd5 17. Bd3 Bf8 18. Rxe8 Rxe8 19. Qa5 Qc6 20. a4 Bc4
21. d5 Qb7 22. Bxc4 bxc4 23. Qc3 Re4 24. Rd4 Rxd4 25. Qxd4 Qb4 26. Bd2 Qxa4 27.
b3 Qb5 28. Qxc4 Qxc4 29. bxc4 Be7 30. Ba5 Bd8 31. c5 Bf6 32. Bxc7 dxc5 33. f4
g5 34. fxg5 Bxg5 35. Kb2 Be3 36. Kc3 Kf8 37. Bd6+ Ke8 38. Kc4 Kd7 39. Bxc5 Bf4
40. Kb3 Bd2 41. c4 Be1 42. Ka4 Bd2 43. Bb4 Be3 44. Ka5 1-0

[Event "SV Kamen 1 - SV Letmathe 1"]
[Site "NRW-Klasse, Gruppe 2 2016/201"]
[Date "2017.03.05"]
[Round "7.6"]
[White "Kilian, Ralf"]
[Black "Haude, Ruediger"]
[Result "1/2-1/2"]
[WhiteElo "2110"]
[BlackElo "2041"]
[PlyCount "57"]
[EventDate "2017.??.??"]
[WhiteTeam "SV Kamen 1"]
[BlackTeam "SV Letmathe 1"]

1. d4 d5 2. c4 e6 3. Nc3 Nf6 4. Bg5 Be7 5. e3 Nbd7 6. Rc1 c6 7. Nf3 O-O 8. Bd3
Re8 9. O-O dxc4 10. Bxc4 Nd5 11. Bxe7 Qxe7 12. a3 Nxc3 13. Rxc3 e5 14. Qc2 e4
15. Nd2 Nb6 16. Ba2 Be6 17. Qxe4 Bxa2 18. Qxe7 Rxe7 19. b3 Rd8 20. Rc2 Bxb3 21.
Nxb3 f5 22. g3 g5 23. a4 Nd5 24. a5 f4 25. exf4 gxf4 26. Rd2 b6 27. Rc1 Rd6 28.
Kf1 Kf8 29. Re2 1/2-1/2

[Event "SV Kamen 1 - SV Letmathe 1"]
[Site "NRW-Klasse, Gruppe 2 2016/201"]
[Date "2017.03.05"]
[Round "7.7"]
[White "Pfleger, Sascha"]
[Black "Seepe, Udo"]
[Result "1-0"]
[WhiteElo "1980"]
[BlackElo "2062"]
[Annotator "Daniel"]
[PlyCount "63"]
[EventDate "2017.??.??"]
[WhiteTeam "SV Letmathe 1"]
[BlackTeam "SV Kamen 1"]

1. d4 Nf6 2. c4 g6 3. Nc3 d5 4. cxd5 Nxd5 5. e4 Nxc3 6. bxc3 c5 7. Bc4 Bg7 8.
Ne2 O-O 9. O-O Nc6 10. Be3 Qc7 11. Rc1 Rd8 12. Bf4 e5 13. Bg5 Rd6 14. Bd5 Be6
15. dxc5 Rd7 16. Be3 Bf8 17. f4 Qa5 18. Kh1 Bxc5 19. Bxc5 Qxc5 $11 20. c4 Bg4
21. h3 Bxe2 22. Qxe2 exf4 23. Qg4 Ne5 24. Qxf4 Re8 25. Rb1 Ree7 26. Rb5 Qd4 27.
Qf6 Nc6 28. Qf4 Ne5 29. Rbb1 b6 30. Rbd1 Qc5 31. Qh6 Qc7 32. Rf4 1-0

[Event "Herforder SV Königsspringer 1 - SC Roch"]
[Site "NRW-Klasse, Gruppe 2 2016/201"]
[Date "2017.03.05"]
[Round "7.1"]
[White "Kabatianski, Alexander"]
[Black "Kirnos, Evgeni"]
[Result "1-0"]
[WhiteElo "2332"]
[BlackElo "2156"]
[PlyCount "88"]
[EventDate "2017.??.??"]
[WhiteTeam "SC Rochade Emsdetten 1"]
[BlackTeam "Herforder SV Königsspringer 1"]

1. d4 d5 2. c4 e6 3. Nf3 Nf6 4. g3 dxc4 5. Bg2 Nbd7 6. O-O a6 7. a4 c5 8. Nbd2
cxd4 9. Nxc4 Bc5 10. Nxd4 Nb6 11. Nxb6 Bxb6 12. Nc2 O-O 13. Be3 Bxe3 14. Nxe3
Qe7 15. Nc4 Qb4 16. Qd4 Bd7 17. Rfd1 Bc6 18. Nb6 Qxd4 19. Rxd4 Rad8 20. Rad1
Rxd4 21. Rxd4 Bxg2 22. Kxg2 Re8 23. e4 Kf8 24. e5 Nd5 25. Nxd5 Rd8 26. Kf3 exd5
27. Ke3 a5 28. Rd2 Ke7 29. Rc2 d4+ 30. Kd3 Rd5 31. Rc7+ Ke6 32. Rxb7 Rxe5 33.
Rb6+ Ke7 34. Rb5 Kd6 35. Kxd4 Re2 36. b3 Rxf2 37. Rxa5 Rb2 38. Ra6+ Kc7 39.
Ra7+ Kd6 40. Kc4 Rxh2 41. Rxf7 g5 42. a5 Rc2+ 43. Kb5 Rc5+ 44. Kb4 Rc8 1-0

[Event "Herforder SV Königsspringer 1 - SC Roch"]
[Site "NRW-Klasse, Gruppe 2 2016/201"]
[Date "2017.03.05"]
[Round "7.2"]
[White "Nordsieck, Thomas"]
[Black "Hiller, Simon"]
[Result "1/2-1/2"]
[WhiteElo "2287"]
[BlackElo "2149"]
[PlyCount "48"]
[EventDate "2017.??.??"]
[WhiteTeam "Herforder SV Königsspringer 1"]
[BlackTeam "SC Rochade Emsdetten 1"]

1. e4 c6 2. d4 d5 3. exd5 cxd5 4. c4 Nf6 5. Nc3 Nc6 6. Nf3 g6 7. cxd5 Nxd5 8.
Qb3 Nxc3 9. bxc3 Bg7 10. Be2 O-O 11. O-O Na5 12. Qb4 b6 13. Bg5 Re8 14. Rfe1
Nc6 15. Qa4 Bd7 16. Qa3 Qc7 17. Rac1 e5 18. Bb5 a6 19. Bxc6 Bxc6 20. Nxe5 Bxe5
21. dxe5 Rxe5 22. Rxe5 Qxe5 23. Qe7 Qxe7 24. Bxe7 f5 1/2-1/2

[Event "Herforder SV Königsspringer 1 - SC Roch"]
[Site "NRW-Klasse, Gruppe 2 2016/201"]
[Date "2017.03.05"]
[Round "7.3"]
[White "De Groote, Ewoud"]
[Black "Wolf, Andre"]
[Result "1-0"]
[WhiteElo "2275"]
[BlackElo "2195"]
[PlyCount "81"]
[EventDate "2017.??.??"]
[WhiteTeam "SC Rochade Emsdetten 1"]
[BlackTeam "Herforder SV Königsspringer 1"]

1. e4 d5 2. exd5 Qxd5 3. Nc3 Qd8 4. d4 Nf6 5. Nf3 Bg4 6. h3 Bxf3 7. Qxf3 c6 8.
Be3 e6 9. O-O-O Nbd7 10. g4 Qa5 11. Kb1 Bb4 12. Ne4 Nxe4 13. Qxe4 Qd5 14. Qxd5
cxd5 15. g5 Rc8 16. Bd3 Bd6 17. h4 Ke7 18. h5 f5 19. Rhe1 Kf7 20. Bd2 Rhe8 21.
a4 Re7 22. b3 g6 23. f4 Nf8 24. Rh1 Rec7 25. hxg6+ hxg6 26. Rh4 b6 27. Ba6 Rd8
28. Kb2 Kg8 29. a5 Rh7 30. Rxh7 Kxh7 31. Ra1 Bc7 32. axb6 Bxb6 33. Kc3 Kg7 34.
Kd3 Kf7 35. Ba5 Nd7 36. Bb5 Ke7 37. Bxb6 axb6 38. Ra7 Kd6 39. Rb7 Ke7 40. Kc3
Kd6 41. Kb4 1-0

[Event "Herforder SV Königsspringer 1 - SC Roch"]
[Site "NRW-Klasse, Gruppe 2 2016/201"]
[Date "2017.03.05"]
[Round "7.4"]
[White "Pieper-Emden, Carsten"]
[Black "Lehmann, Holger"]
[Result "1/2-1/2"]
[WhiteElo "2161"]
[BlackElo "2097"]
[PlyCount "31"]
[EventDate "2017.??.??"]
[WhiteTeam "Herforder SV Königsspringer 1"]
[BlackTeam "SC Rochade Emsdetten 1"]

1. d4 f5 2. c4 Nf6 3. Nf3 g6 4. b3 Bg7 5. Bb2 O-O 6. Nbd2 d6 7. Qc2 Qe8 8. e3
Nbd7 9. Be2 e5 10. h3 c5 11. dxe5 Nxe5 12. O-O-O Bd7 13. Nxe5 dxe5 14. Qc3 e4
15. Qe5 b6 16. Qxe8 1/2-1/2

[Event "Herforder SV Königsspringer 1 - SC Roch"]
[Site "NRW-Klasse, Gruppe 2 2016/201"]
[Date "2017.03.05"]
[Round "7.5"]
[White "Paalman, Henk-Jan"]
[Black "Bentel, Robin"]
[Result "1-0"]
[WhiteElo "2132"]
[BlackElo "1974"]
[Annotator "Daniel"]
[PlyCount "99"]
[EventDate "2017.??.??"]
[WhiteTeam "SC Rochade Emsdetten 1"]
[BlackTeam "Herforder SV Königsspringer 1"]

1. d4 Nf6 2. c4 g6 3. Nc3 Bg7 4. e4 d6 5. Nf3 O-O 6. Be2 e5 7. Be3 Ng4 8. Bg5
f6 9. Bh4 g5 10. h3 Nh6 11. Bg3 Be6 12. d5 Bd7 13. Nd2 f5 14. f3 a5 15. Bf2 g4
16. fxg4 fxg4 17. h4 Na6 18. g3 Qf6 19. O-O Qg6 20. a3 Nf7 21. Rb1 Bh6 22. b4
axb4 23. axb4 Nh8 24. Kg2 Rf6 25. Bg1 Raf8 26. Rxf6 Qxf6 27. Nf1 Ng6 28. Bxg4
Nxh4+ 29. gxh4 Qg6 30. Nh2 Bf4 31. Kh3 h5 32. Rb2 Bxh2 33. Kxh2 Bxg4 34. Qc1
$11 Rf3 35. b5 Rh3+ 36. Kg2 Bf3+ 37. Kf1 Rg3 38. Bf2 Bg2+ 39. Ke1 Rh3 40. bxa6
Rh1+ 41. Kd2 bxa6 42. Qc2 Qf6 43. Nd1 Qf4+ 44. Be3 Qf1 45. Kc3 Bf3 46. Nf2 Rxh4
47. Rb1 Qg2 48. Qa4 Qg7 49. Rb8+ Kh7 50. Rd8 1-0

[Event "Herforder SV Königsspringer 1 - SC Roch"]
[Site "NRW-Klasse, Gruppe 2 2016/201"]
[Date "2017.03.05"]
[Round "7.6"]
[White "Loemker, Michael"]
[Black "Mueller, Achim"]
[Result "0-1"]
[WhiteElo "2028"]
[BlackElo "2034"]
[Annotator "Daniel"]
[PlyCount "78"]
[EventDate "2017.??.??"]
[WhiteTeam "Herforder SV Königsspringer 1"]
[BlackTeam "SC Rochade Emsdetten 1"]

1. d4 f5 2. c4 Nf6 3. Nf3 g6 4. g3 Bg7 5. Bg2 O-O 6. O-O d6 7. Nc3 Nc6 8. e3 e5
9. d5 Ne7 10. b4 a5 11. b5 h6 12. Bb2 b6 13. Nd2 g5 14. Qe2 Ng6 15. f3 Bd7 16.
Rae1 $11 Qe8 17. Qd3 Ne7 18. f4 e4 19. Qe2 g4 20. Nb3 h5 21. Nd4 h4 22. gxh4
Qh5 23. Qf2 Ng6 24. Ne6 Bxe6 25. dxe6 Rae8 26. Nd5 Rxe6 27. Nxc7 Re7 28. Nd5
Nxd5 29. cxd5 Nxh4 30. Rc1 Bxb2 31. Qxb2 Rg7 32. Rc2 Nf3+ 33. Bxf3 exf3 34.
Rfc1 g3 35. Rc7 f2+ 36. Kf1 Qh3+ 37. Ke2 Qg4+ 38. Kd3 Rxc7 39. Rxc7 f1=Q+ 0-1

[Event "Herforder SV Königsspringer 1 - SC Roch"]
[Site "NRW-Klasse, Gruppe 2 2016/201"]
[Date "2017.03.05"]
[Round "7.7"]
[White "Lemli, Thomas"]
[Black "Friesen, Viktor"]
[Result "1/2-1/2"]
[WhiteElo "1999"]
[BlackElo "2201"]
[PlyCount "96"]
[EventDate "2017.??.??"]
[WhiteTeam "SC Rochade Emsdetten 1"]
[BlackTeam "Herforder SV Königsspringer 1"]

1. Nf3 d5 2. b3 Nf6 3. Bb2 g6 4. c4 Bg7 5. cxd5 O-O 6. g3 Qxd5 7. Bg2 Qh5 8. h3
Nc6 9. d3 Be6 10. Nbd2 Rad8 11. a3 Rfe8 12. Qc2 h6 13. b4 a5 14. Bc3 axb4 15.
axb4 Ra8 16. Qb2 Rxa1+ 17. Qxa1 Bf8 18. b5 Qxb5 19. O-O Nd5 20. Nd4 Nxd4 21.
Bxd4 c5 22. Bb2 Nb4 23. Rc1 Bd5 24. Ne4 b6 25. Nc3 Qd7 26. Nxd5 Nxd5 27. Qa6
Rb8 28. Qc4 e6 29. e4 b5 30. Qb3 Nb4 31. Qc3 Qd4 32. Qxd4 cxd4 33. Bxd4 Nxd3
34. Rb1 e5 35. Bf1 exd4 36. Bxd3 b4 37. Bc4 Ra8 38. Rb3 Ra1+ 39. Kg2 Rc1 40.
Bd3 g5 41. f4 Kg7 42. Kf3 Kf6 43. e5+ Ke6 44. Ke4 Bc5 45. f5+ Kd7 46. Kd5 h5
47. Bc4 Bf8 48. Kxd4 Ke8 1/2-1/2

[Event "Herforder SV Königsspringer 1 - SC Roch"]
[Site "NRW-Klasse, Gruppe 2 2016/201"]
[Date "2017.03.05"]
[Round "7.8"]
[White "Scheck, Kyrill"]
[Black "Noering, Andreas"]
[Result "1-0"]
[WhiteElo "2134"]
[BlackElo "1836"]
[PlyCount "59"]
[EventDate "2017.??.??"]
[WhiteTeam "Herforder SV Königsspringer 1"]
[BlackTeam "SC Rochade Emsdetten 1"]

1. e4 e5 2. Nf3 Nf6 3. Nxe5 d6 4. Nf3 Nxe4 5. d4 d5 6. Bd3 Bd6 7. c4 c6 8. O-O
O-O 9. Nc3 Nxc3 10. bxc3 dxc4 11. Bxc4 Bg4 12. h3 Bh5 13. Re1 Nd7 14. a4 Nb6
15. Bb3 Nd5 16. Bd2 Nf4 17. Bxf4 Bxf4 18. g4 Bg6 19. Ne5 Bxe5 20. Rxe5 Re8 21.
Qe2 Kf8 22. Re1 Rxe5 23. Qxe5 b6 24. f4 Qd7 25. f5 f6 26. fxg6 fxe5 27. Rf1+
Ke7 28. Rf7+ Kd6 29. dxe5+ Kc7 30. gxh7 1-0